Algemene Kennisquiz #4 - Statistieken

Algemene statistieken
  • Deze quiz is 2.797 keer genomen
  • De gemiddelde score is 8 van 20
Antwoordstatistieken
Vraag Antwoord % Correct
Wie zong "Poker Face"? Lady Gaga
90%
Waar dansen de muizen als de kat van huis is? Op tafel
83%
Spel de hoofdstad van IJsland correct. Reykjavik
70%
Welk Zuid-Amerikaans land heeft meer grote internationale schoonheidswedstrijden gewonnen dan elk ander land behalve de VS? Venezuela
56%
Welke gevangenis werd op 14 juli 1789 bestormd? La Bastille
52%
Wie was de eerste keizer van het Romeinse Rijk? Augustus
50%
Wat is het eerste boek in de Bijbel? Genesis
49%
In welk land vind je de stad Phuket? Thailand
47%
Wat eten bekerplanten? Insecten
46%
Wiens vermogen verloor een recordbedrag van $29 miljard in één dag door een afname in de aandelen van Meta Systems in 2022? Mark Zuckerberg
41%
Wat is het Romeinse cijfer voor 2159? MMCLIX
39%
Hoe heet een courgette in de Verenigde Staten? Zucchini
39%
Wie is de leadzanger van de Rolling Stones? Mick Jagger
36%
Welke paus trad in 2013 af? Paus Benedictus XVI
29%
Welke grote Japanse stad werd niet gebombardeerd tijdens WWII vanwege zijn culturele waarde? Kyoto
27%
Hoe noemen we het mineraal beril als het groen is? Smaragd
23%
Wie is de man van Steffi Graf? Andre Agassi
16%
Wie vocht met Ivan Drago en Clubber Lang? Rocky Balboa
16%
Van welk land is het onofficiële volkslied "Waltzing Matilda"? Australië
15%
Welke acteur was met zijn contrabasstem de stem van Mufasa en Darth Vader? James Earl Jones
12%
Geen overeenkomende quizzen gevonden
Scoreverdeling
Procent van Mensen met Elke Score
Percentiel versus Aantal Correcte Antwoorden
Uw Scoregeschiedenis
U heeft deze quiz nog niet genomen